Normal view
MARC view
- The Challenge Of Effective Speaking
Entry Topical Term
001 - CONTROL NUMBER
- control field: 2375
003 - CONTROL NUMBER IDENTIFIER
- control field: JO-AjAnu
005 - DATE AND TIME OF LATEST TRANSACTION
- control field: 20230606070707.0
008 - FIXED-LENGTH DATA ELEMENTS
- fixed length control field: 230606|| aca||aabn | a|a d
040 ## - CATALOGING SOURCE
- Original cataloging agency: JO-AjAnu
- Transcribing agency: JO-AjAnu
150 ## - HEADING--TOPICAL TERM
- Topical term or geographic name entry element: The Challenge Of Effective Speaking
670 ## - SOURCE DATA FOUND
- Source citation: Work cat.: (JO-AjAnu)1245: Verderber,Rudolph F , Kathleen S.Verderber , Deanna D. Sellnow, author 2374, THE CHALLENGE OF EFFECTIVE SPEAKING